Municipios catalanes de la A a la Z - Estadísticas

Estadísticas generales
  • Esta prueba ha sido intentada 730 veces
  • La puntuación promedio es 15 de 22
Estadísticas de respuestas
Letra Municipio % Correcto
B Barcelona | Badalona | Blanes | +otros 62
99%
S Sabadell | Santa Coloma de Gramenet | Sant Cugat del Vallès | +otros 154
96%
T Terrassa | Tarragona | Tortosa | +otros 48
94%
G Girona | Granollers | Gavà | +otros 39
93%
C Cornellà de Llobregat | Castelldefels | Cerdanyola del Vallès | +otros 113
92%
M Mataró | Manresa | Mollet del Vallès | +otros 74
91%
L Lleida | Lloret de Mar | Lliçà d'Amunt | +otros 25
87%
R Reus | Rubí | Ripollet | +otros 37
85%
V Vilanova i la Geltrú | Viladecans | Vic | +otros 85
85%
A Amposta | Arenys de Mar | Argentona | +otros 75
80%
P el Prat de Llobregat | Premià de Mar | Pineda de Mar | +otros 85
80%
F Figueres | les Franqueses del Vallès | Flix | +otros 30
71%
H l'Hospitalet de Llobregat | Hostalric | els Hostalets de Pierola | +otro
69%
O Olot | Olesa de Montserrat | Olivella | +otros 22
67%
I Igualada | Ivars d'Urgell | Isona i Conca Dellà | +otros 3
56%
E Esplugues de Llobregat | Esparreguera | l'Escala | +otros 13
53%
U Ulldecona | Ullastrell | Ullà | +otros 4
41%
D Deltebre | Dosrius | Darnius | +otros 2
39%
J Juneda | la Jonquera | Jorba | +otros 4
37%
Q Quart | Querol | Queralbs | +otro
37%
N Navarcles | Navàs | Naut Aran | +otros 6
29%
X Xerta
24%
No se encontraron pruebas coincidentes
Distribución de puntuación
Porcentaje de gente con cada puntuación
Porcentaje por número respondido
Historial de tus puntuaciones
No has intentado esta prueba.